|
|
|
|
| LEADER |
00000naa2a2200000 4500 |
| 001 |
609561 |
| 005 |
20231101132550.0 |
| 035 |
|
|
|a (RuTPU)RU\TPU\conf\7055
|
| 035 |
|
|
|a RU\TPU\conf\7054
|
| 090 |
|
|
|a 609561
|
| 100 |
|
|
|a 20141120d2014 k y0rusy50 ca
|
| 101 |
0 |
|
|a rus
|d eng
|
| 102 |
|
|
|a RU
|
| 105 |
|
|
|a y z 100zy
|
| 135 |
|
|
|a drcn ---uucaa
|
| 181 |
|
0 |
|a i
|
| 182 |
|
0 |
|a b
|
| 200 |
1 |
|
|a Эстетическое восприятие человека в задаче распознавания образов
|f В. Г. Абрамичев
|
| 203 |
|
|
|a Текст
|c электронный
|
| 225 |
1 |
|
|a Информационно-телекоммуникационные технологии
|
| 230 |
|
|
|a 1 компьютерный файл (pdf; 462 Кб)
|
| 300 |
|
|
|a Заглавие с титульного листа.
|
| 320 |
|
|
|a [Библиогр.: с. 202 (4 назв.)]
|
| 330 |
|
|
|a What is it that makes a face look beautiful? What are the differences between very attractive and less appealing faces? For every historical period and every human culture people have always had their own ideal of beauty. But this ideal has never been constant and is still subject to changes. In our research project we adopted an empirical approach and created prototypes for unattractive and attractive faces for each sex by using the morphing technique.
|
| 337 |
|
|
|a Adobe Reader
|
| 463 |
|
1 |
|0 (RuTPU)RU\TPU\conf\6841
|t Технологии Microsoft в теории и практике программирования
|o сборник трудов XI Всероссийской научно-практической конференции студентов, аспирантов и молодых ученых, г.Томск, 23-24 апреля 2014 г.
|f Национальный исследовательский Томский политехнический университет (ТПУ), Институт кибернетики ; ред. кол. А. В. Лиепиньш и др.
|v [С. 200-202]
|d 2014
|
| 610 |
1 |
|
|a электронный ресурс
|
| 610 |
1 |
|
|a труды учёных ТПУ
|
| 610 |
1 |
|
|a эстетическое восприятие
|
| 610 |
1 |
|
|a образы
|
| 610 |
1 |
|
|a распознавание образов
|
| 610 |
1 |
|
|a распознавание лиц
|
| 610 |
1 |
|
|a человеческие лица
|
| 610 |
1 |
|
|a ключевые точки
|
| 610 |
1 |
|
|a оценка восприятия
|
| 700 |
|
1 |
|a Абрамичев
|b В. Г.
|
| 801 |
|
2 |
|a RU
|b 63413507
|c 20141120
|g RCR
|
| 856 |
4 |
|
|u http://www.lib.tpu.ru/fulltext/c/2014/C28/078.pdf
|
| 942 |
|
|
|c BK
|